000 00585cab a2200229 4500
001 ABS60370
008 090401t1999 xxu||||| |||| 00| 0 eng d
035 _a(Sirsi) u92472
041 _aeng
100 _aCavill, N.
245 _aWhere have all the young QSs gone?
260 _c1999
350 _a0
490 _aBuilding
_v264(8080) 26 March 1999, 24-25(2)
650 _aGRADUATES
650 _aBUILT ENVIRONMENT-QUANTITY SURVEYING
650 _aQUANTITY SURVEYORS
650 _aRECRUITMENT
690 _aQuantity surveying
_96263
942 _n0
948 _c31/03/1999
999 _c58622
_d58622